Marketing research : (Record no. 14293)
[ view plain ]
| 000 -LEADER | |
|---|---|
| fixed length control field | 00667nam a2200241 a 4500 |
| 001 - CONTROL NUMBER | |
| JCCL Control Number | 14293 |
| 003 - CONTROL NUMBER IDENTIFIER | |
| JCCL marc code | BD-JhCC |
| 005 - DATE AND TIME OF LATEST TRANSACTION | |
| control field | 20250302094007.0 |
| 008 - FIXED-LENGTH DATA ELEMENTS--GENERAL INFORMATION | |
| fixed length control field | 250302b2002 e a|||| ||a| 001 0 eng d |
| 020 ## - INTERNATIONAL STANDARD BOOK NUMBER | |
| International Standard Book Number | 9780470001295 |
| 035 ## - SYSTEM CONTROL NUMBER | |
| system control number | (BD-JhCC)14293 |
| 040 ## - CATALOGING SOURCE | |
| Original cataloging agency | BD-JhCC |
| Modifying agency | BD-JhCC |
| 041 ## - LANGUAGE CODE | |
| Language code of Book | english |
| 082 ## - DEWEY DECIMAL CLASSIFICATION NUMBER | |
| Classification number | 658.83 |
| Author mark and Year | MCD 2002 |
| 100 ## - MAIN ENTRY--PERSONAL NAME | |
| Personal name | McDaniel, Carl |
| 245 ## - TITLE STATEMENT | |
| Title | Marketing research : |
| Remainder of title | the impact of the Internet / |
| Statement of responsibility, etc | Carl McDaniel, Roger Gates. |
| 260 ## - PUBLICATION, DISTRIBUTION, ETC. (IMPRINT) | |
| Place of publication, distribution, etc | New York: |
| Name of publisher, distributor, etc | South-Western; |
| Date of publication, distribution, etc | 2002. |
| 300 ## - PHYSICAL DESCRIPTION | |
| Pagination | xxxii, 682, 36, 9 p. : |
| Other physical details | ill; |
| Dimensions | 26 cm. |
| 650 ## - SUBJECT ADDED ENTRY--TOPICAL TERM | |
| Topical term or geographic name as entry element | Marketing Recherche |
| 700 ## - ADDED ENTRY--PERSONAL NAME | |
| Personal name | Gates, Roger |
| 942 ## - ADDED ENTRY ELEMENTS (KOHA) | |
| Source of classification or shelving scheme | Dewey Decimal Classification |
| Koha item type | Books |
| Source of classification or shelving scheme | Damaged status | Not for loan | Home library | Current library | Shelving location | Date of accession | Source of acquisition | Total Checkouts | Full call number | Barcode | Date last seen | Copy number | Method of acquisition | Koha item type | Currency |
|---|---|---|---|---|---|---|---|---|---|---|---|---|---|---|---|
| Dewey Decimal Classification | JCC Rouf Library | JCC Rouf Library | General Stacks | With the compliments of Shahriar Imtiaz Rahman,27/1483/K | 658.83 MCD 2002 | 19856 | 03/02/2025 | C-1 | Gift/Donation | Books | BDT |